| 000 | 01339cam a22002655a 4500 | ||
|---|---|---|---|
| 001 | L145373 | ||
| 002 | 17582 | ||
| 008 | 081001s2009 xxkade f u 000 0 eng d | ||
| 020 |
_a9780415452724 _a9780203937969 |
||
| 035 | _a(Sirsi) u145373 | ||
| 041 | 0 | _aeng | |
| 050 | 0 | 4 | _a692.2 $2 18 |
| 100 | 1 | _aPolley, Simon | |
| 245 | 0 | 0 |
_aUnderstanding the building regulations _h[electronic resource] |
| 250 | _a4th ed. | ||
| 260 |
_aAbingdon _bTaylor and Francis _c2009 |
||
| 300 | _aeBook | ||
| 520 | _aIntroduction to the current system of building control in England and Wales. This is based on the Building Regulations 2000 and all the supporting Approved Documents. Includes the Building Regulations (Amendment) Regulations 2004-2006, the Approved Documents 2006, and changes to the Building Regulations that came into force at the beginning of 2008. Also highlights potential changes wherever possible. Contains a short history of building control and its development. Then chapters deal with the Building Regulations and each of the Approved Documents. Support text to the original documents and practical guide. | ||
| 520 | _aSupersedes third edition (ISBN 0415349176). | ||
| 521 | _aAdvanced | ||
| 650 | 2 | 4 | _aBUILDING REGULATIONS 2000 |
| 651 | 4 |
_aEngland and Wales _y1543- |
|
| 690 |
_aBuilding regulations _96224 |
||
| 942 | _n0 | ||
| 999 |
_c108773 _d108773 |
||